000 00622nam a22001697a 4500
999 _c6666
_d6666
008 150928b xxu||||| |||| 00| 0 eng d
020 _a0138143447
050 _aREF HD 62.7 .B84 1988
100 _aBurstiner Irving
_d1988
245 _aThe Small Business Handbook/
_bA Comprehensive Guide To Starting and Running Your Own Business
260 _aNew York
_bPrentice Hall Press
_c1988
300 _axi, 356p. ;
_bill.
_c27cm
650 _aSmall Business- Management
650 _aSmall Business- Handbooks, manuals
760 _bRevised ed
942 _2lcc
_cREF_BOOK
_hREF HD 62.7 .B84 1988